| 000 | 00853cam a2200241 4500 | ||
|---|---|---|---|
| 008 | 090401t1990 xxu||||| |||| 00| 0 eng d | ||
| 020 | _a9519609709 | ||
| 035 | _a(Sirsi) u36149 | ||
| 041 | _aeng | ||
| 050 | _a526.9 | ||
| 110 | _aFederation International Des Geometres | ||
| 245 | _aXVIX (i.e. XIX) congress ... Helsinki , Finland, June 10 - 19 1990: commission 7 ... cadastre and rural management | ||
| 260 |
_aHelsinki _bFIG _c1990 |
||
| 300 | _a451p. ; 21cm. | ||
| 350 | _a0 | ||
| 520 | _aPapers include:-Public controls over land management in England and Wales/ WATKINS,C WINTER,M - Positive management for survival or how to manage tomorrows countryside/ WOOLLEY,G.N. | ||
| 650 | _aCADASTRAL SURVEYING | ||
| 650 | _aESTATE MANAGEMENT | ||
| 650 | _aLAND REGISTRATION | ||
| 650 | _aRURAL AREAS | ||
| 942 | _n0 | ||
| 948 | _c04/03/1997 | ||
| 999 |
_c90193 _d90193 |
||